LIBRARY & INFORMATION CENTRE, KCAET, TAVANUR

ONLINE PUBLIC ACCESS CATALOGUE (OPAC)

Key to S. Trymbaka Murthy`s computer aided engineering drawing / (Record no. 13262)

MARC details
000 -LEADER
fixed length control field 00483cam a2200169ua 4500
041 ## - LANGUAGE CODE
Language code of text/sound track or separate title eng
082 ## - DEWEY DECIMAL CLASSIFICATION NUMBER
Classification number 604.2
Item number MUR/CO
100 ## - MAIN ENTRY--AUTHOR NAME
Personal name Murthy, Trymbaka S .
245 ## - TITLE STATEMENT
Title Key to S. Trymbaka Murthy`s computer aided engineering drawing /
260 ## - PUBLICATION, DISTRIBUTION, ETC. (IMPRINT)
Place of publication New Delhi :
Name of publisher I.K International Publishing House ,
Year of publication 2007.
300 ## - PHYSICAL DESCRIPTION
Number of Pages 127 ;
Accompanying material CD.
942 ## - ADDED ENTRY ELEMENTS (KOHA)
Koha item type Books
Holdings
Withdrawn status Lost status Damaged status Home library Current library Date acquired Full call number Accession Number Koha item type
      KAUAET KAUAET 07/04/2012 604.2 MUR/CO 21656 Books
free website counter